Mayday /

Hlavní autor: Block, Thomas
Jazyk: Čeština
Vydáno: Praha : Naše vojsko, 2010
Témata:
Externí odkaz: Digitalizovaný dokument
Fyzický popis: 260 s. ; 21 cm
Knihy
Uloženo v:
LEADER 01165nam a2200337 a 4500
001 nkc20102115867
003 CZ PrNK
005 20110308133637.0
007 ta
008 100907s2010 xr e 000 f cze
015 |a cnb002115867 
020 |a 978-80-206-1130-7  |q (brož.) :  |c Kč 99,00 
035 |a (OCoLC)670480263 
040 |a ABA001  |b cze 
041 1 |a cze  |h eng 
072 7 |a 821.111(73)-3  |x Americká próza  |2 Konspekt  |9 25 
080 |a 821.111(73)-31  |2 MRF 
080 |a (0:82-31)  |2 MRF 
100 1 |a Block, Thomas  |7 mzk2003180825  |4 aut 
245 1 0 |a Mayday /  |c Thomas H. Block ; [z anglického originálu ... přeložil Zdeněk Hron] 
260 |a Praha :  |b Naše vojsko,  |c 2010 
300 |a 260 s. ;  |c 21 cm 
655 7 |a americké romány  |7 fd131796  |2 czenas 
655 9 |a American fiction  |2 eczenas 
765 0 |t Mayday  |9 Česky 
856 4 1 |u http://www.digitalniknihovna.cz/mzk/uuid/uuid:fbbd3820-cdeb-11e7-9c14-005056827e51  |y Digitalizovaný dokument  |x NDK 
910 2 |a BOA001  |b 2-1252.312 
990 |a BK 
995 |a 01 
991 |b 201011  |e b 
996 6 |b 2610453230  |c 2-1252.312  |l MZK  |r Sklad / do 1 hodiny  |n 0  |p p.v.  |w 001156113  |u 000010  |a 1  |e BOA001  |j MZK50  |s P